Geotechnical Instrumentation and Applications by Myint Win Bo (Record no. 616345)
[ view plain ]
| 000 -LEADER | |
|---|---|
| fixed length control field | 00242nam a22000977a 4500 |
| 020 ## - INTERNATIONAL STANDARD BOOK NUMBER | |
| International Standard Book Number | 978-3031342745 |
| 040 ## - CATALOGING SOURCE | |
| Transcribing agency | NUST |
| 082 ## - DEWEY DECIMAL CLASSIFICATION NUMBER | |
| Classification number | 624.1519 |
| Author Mark | WIN |
| 245 ## - TITLE STATEMENT | |
| Title | Geotechnical Instrumentation and Applications by Myint Win Bo |
| 942 ## - ADDED ENTRY ELEMENTS (KOHA) | |
| Source of classification or shelving scheme | |
| Koha item type | Book |
| Withdrawn status | Lost status | Source of classification or shelving scheme | Damaged status | Not for loan | Permanent Location | Current Location | Date acquired | Total Checkouts | Full call number | Barcode | Date last seen | Price effective from | Koha item type |
|---|---|---|---|---|---|---|---|---|---|---|---|---|---|
| School of Civil and Environmental Engineering (SCEE) | School of Civil and Environmental Engineering (SCEE) | 02/23/2026 | 624.1519 / WIN | NIT-13794 | 02/23/2026 | 02/23/2026 | Book |
